Communes de la couronne Lyonnaise avec une carte - Statistiques

Statistiques générales
  • Ce quiz a été pris 126 fois
  • Le résultat moyen est 9 sur 16
Réponses sur la Carte
Les réponses sont colorées sur une échelle allant du rouge au vert en fonction du pourcentage des utilisateurs qui les ont devinées à leur premier essai. Vous pouvez retrouver ces pourcentages ci-dessous.
 
Statistiques - réponses
Ville % Correct
Lyon
94%
Villeurbanne
91%
Venissieux
86%
Bron
77%
Caluire-et-Cuire
68%
Tassin-la-Demi-Lune
63%
Ecully
58%
Saint-Fons
51%
Sainte-Foy-lès-Lyon
47%
La Mulatière
46%
Francheville
40%
Saint-Cyr-au-Mont-d'Or
36%
Oullins-Pierre-Benite
32%
Champagne-au-Mont-d'Or
31%
Saint-Didier-au-Mont-d'Or
31%
Collonges-au-Mont-d'Or
26%
Aucun quiz correspondant
Distribution des résultats
% des personnes avec chaque résultat
Percentile par nombre de réponses
Votre historique - résultats
Vous n’avez pas pris ce quiz